All 10k+ Cities In Indiana - Statistics

General Stats
  • This quiz has been taken 10 times
  • The average score is 35 of 89
Answer Stats
Population Answer % Correct
874,037 Indianapolis
100%
78,682 Bloomington
89%
103,890 Carmel
89%
113,971 Evansville
89%
107,169 Fishers
89%
273,736 Fort Wayne
89%
66,747 Gary
89%
103,435 South Bend
89%
58,570 Terre Haute
89%
53,228 Elkhart
78%
71,529 Lafayette
78%
65,063 Muncie
78%
75,146 Hammond
67%
60,100 Kokomo
67%
44,981 West Lafayette
67%
55,509 Anderson
56%
50,708 Mishawaka
56%
76,425 Noblesville
56%
21,690 Seymour
56%
14,293 Speedway
56%
34,937 Valparaiso
56%
25,928 Avon
44%
52,203 Columbus
44%
35,474 Crown Point
44%
67,839 Greenwood
44%
52,347 Jeffersonville
44%
18,159 Logansport
44%
36,273 Merrillville
44%
31,425 Michigan City
44%
37,016 New Albany
44%
16,480 Vincennes
44%
10,169 Wabash
44%
16,290 Warsaw
44%
33,665 Zionsville
44%
34,296 Brownsburg
33%
10,244 Columbia City
33%
13,279 Connersville
33%
12,102 Danville
33%
10,084 Decatur
33%
25,488 East Chicago
33%
26,264 Franklin
33%
34,261 Goshen
33%
12,385 Greensburg
33%
16,020 Griffith
33%
23,233 Highland
33%
29,202 Hobart
33%
16,977 Huntington
33%
12,901 Lake Station
33%
49,164 Lawrence
33%
17,610 Lebanon
33%
12,122 Madison
33%
28,007 Marion
33%
23,432 Munster
33%
38,882 Portage
33%
35,243 Richmond
33%
29,654 Schererville
33%
12,826 Washington
33%
64,900 Westfield
33%
14,127 Auburn
22%
13,889 Bedford
22%
14,246 Beech Grove
22%
14,913 Chesterton
22%
22,134 Clarksville
22%
16,744 Crawfordsville
22%
16,221 Dyer
22%
29,907 Granger
22%
27,486 Greenfield
22%
16,831 Jasper
22%
10,219 Kendallville
22%
22,534 La Porte
22%
11,960 Martinsville
22%
10,135 Mooresville
22%
17,283 New Castle
22%
16,218 New Haven
22%
10,963 Peru
22%
38,475 Plainfield
22%
11,507 Plymouth
22%
25,729 Saint John
22%
10,514 Sellersburg
22%
14,849 Whitestown
22%
11,878 Yorktown
22%
10,569 Bluffton
11%
17,320 Cedar Lake
11%
16,215 Frankfort
11%
11,593 Lowell
11%
20,930 Shelbyville
11%
11,979 Bargersville
0%
11,481 Huntertown
0%
12,869 McCordsville
0%
No matching quizzes found
Score Distribution
Percent of People with Each Score
Percentile by Number Answered
Your Score History
You have not taken this quiz